Sarmiento : (Record no. 175537)
[ view plain ]
| 000 -LEADER | |
|---|---|
| campo de control de longitud fija | 00988nam a2200265 i 4500 |
| 001 - NÚMERO DE CONTROL | |
| campo de control | 175537 |
| 003 - IDENTIFICADOR DE NÚMERO DE CONTROL | |
| campo de control | ES-MaACL |
| 005 - FECHA Y HORA DE LA ÚLTIMA TRANSACCIÓN | |
| campo de control | 20250826110003.0 |
| 007 - CAMPO FIJO DE DESCRIPCIÓN FÍSICA--INFORMACIÓN GENERAL | |
| campo de control de longitud fija | t| |
| 008 - DATOS DE LONGITUD FIJA--INFORMACIÓN GENERAL | |
| campo de control de longitud fija | 101104s1963 sp r ||||1| spa d |
| 080 ## - NÚMERO DE LA CLASIFICACIÓN DECIMAL UNIVERSAL | |
| Número de la Clasificación Decimal Universal | 821.134.2 Sarmiento, Domingo Faustino |
| 080 ## - NÚMERO DE LA CLASIFICACIÓN DECIMAL UNIVERSAL | |
| Número de la Clasificación Decimal Universal | 929 Sarmiento, Domingo Faustino |
| 100 1# - ENTRADA PRINCIPAL--NOMBRE DE PERSONA | |
| Nombre de persona | Sarmiento, Domingo Faustino, |
| Fechas asociadas al nombre | 1811-1888 |
| 9 (RLIN) | 103825 |
| 245 10 - MENCIÓN DEL TÍTULO | |
| Título | Sarmiento : |
| Resto del título | estudio y antología / |
| Mención de responsabilidad, etc. | por Conrado E. Eggers-Lecour. |
| 260 ## - PUBLICACIÓN, DISTRIBUCIÓN, ETC. | |
| Lugar de publicación, distribución, etc. | Madrid : |
| Nombre del editor, distribuidor, etc. | Compañía Bibliográfica Española, |
| Fecha de publicación, distribución, etc. | 1963. |
| 300 ## - DESCRIPCIÓN FÍSICA | |
| Extensión | 222 p. ; |
| Dimensiones | 19 cm. |
| 490 1# - MENCIÓN DE SERIE | |
| Mención de serie | Un autor en un libro ; |
| Designación de volumen o secuencia | 9 |
| 504 ## - NOTA DE BIBLIOGRAFÍA, ETC. | |
| Nota de bibliografía, etc. | Bibliografía: p. 215-222. |
| 600 17 - PUNTO DE ACCESO ADICIONAL DE MATERIA--NOMBRE DE PERSONA | |
| Nombre de persona | Sarmiento, Domingo Faustino, |
| Fechas asociadas al nombre | 1811-1888- |
| Subdivisión general | Crítica e interpretación |
| Fuente del encabezamiento o término | |
| 9 (RLIN) | 143837 |
| 700 1# - ENTRADA AGREGADA--NOMBRE PERSONAL | |
| Nombre de persona | Eggers-Lecour, Conrado E. |
| 9 (RLIN) | 143834 |
| 710 2# - ENTRADA AGREGADA--NOMBRE DE ENTIDAD CORPORATIVA | |
| Nombre de entidad corporativa o nombre de jurisdicción como elemento de entrada | Compañía Bibliográfica Española. |
| 9 (RLIN) | 171207 |
| 830 1# - PUNTO DE ACCESO ADICIONAL DE SERIE-TÍTULO UNIFORME | |
| Título uniforme | Un autor en un libro ; |
| Designación de volumen o secuencia | 9 |
| 9 (RLIN) | 182717 |
| 852 ## - LOCALIZACIÓN | |
| Ubicación | ES-MaACL |
| Número de control de estantería | E-13434 |
| Encuadernación | Olim P-651-bis |
| Estatus retirado | Estado de pérdida | Estado de daño | No para préstamo | Biblioteca de origen | Biblioteca actual | Ubicación en estantería | Fecha de adquisición | Fuente de adquisición | Total de préstamos | Signatura topográfica completa | Código de barras | Visto por última vez | Precio de reemplazo | Tipo de ítem Koha |
|---|---|---|---|---|---|---|---|---|---|---|---|---|---|---|
| Biblioteca del Ateneo de Madrid | Biblioteca del Ateneo de Madrid | Depósito 2 | 04/11/2010 | E-13434 | 1184314 | 23/02/2023 | 23/02/2023 | Libro impreso |
